000 00846nam a2200265 i 4500
003 DO-SdBNP
005 20240711104138.0
007 ta
008 240711b1967 sp ||||| |||| 00| 0 dr d
040 _aDO-SdBNP
_bspa
_cBNPHU
_erda
082 4 _222
100 _aDussel, Enrique D.,
_985962
_eautor
245 1 _aHipótesis para una historia de la iglesia en América Latina /
_cEnrique Dussel
264 _aBarcelona :
_bEstela,
_c1967.
300 _a219 páginas ;
_c20 cm.
336 _2rdacontent
_atexto
_btxt
337 _2rdamedia
_asin mediación
_bn
338 _2rdacarrier
_avolumen
_bnc
490 _aPensamiento y acción
500 _aIncluye referencias bibliográficas y notas al pie de las páginas
504 _aBibliografía : páginas 203-219
590 _aInventariado, 2024/BT
910 _aBtavárez
942 _2ddc
_cLBS1
999 _c57257
_d57257